[Event "37 Open Donostia"]
[Site "?"]
[Date "2014.04.13"]
[Round "4.11"]
[White "Estremera Panos, Sergio"]
[Black "Moya, Mallafre Erik"]
[Result "1/2-1/2"]
[WhiteElo "2353"]
[BlackElo "1928"]
[PlyCount "103"]
[EventDate "2014.??.??"]

1. e4 c6 2. c4 d5 3. exd5 cxd5 4. cxd5 Nf6 5. Nc3 Nxd5 6. Nf3 e6 7. Bc4 Nb6 8.
Bb3 Nc6 9. d4 Bb4 10. O-O a6 11. Qd3 Qc7 12. d5 exd5 13. Nxd5 Nxd5 14. Bxd5 O-O
15. Ng5 g6 16. Qc4 Bd6 17. Qh4 h5 18. Ne4 Be7 19. Bg5 Qe5 20. Bxc6 Bxg5 21.
Qxg5 Qxg5 22. Nxg5 bxc6 23. Rfc1 Rb8 24. b3 Rb5 25. Ne4 Re5 26. f3 f5 27. Nf2
Rfe8 28. Nd3 R5e6 29. Nf4 Rd6 30. Rc4 Re5 31. h4 Bd7 32. Rac1 Kf7 33. R1c2 Rd1+
34. Kf2 Rd6 35. Re2 Kf6 36. Rxe5 Kxe5 37. Ke3 Kf6 38. Rd4 Rxd4 39. Kxd4 Be8 40.
b4 g5 41. hxg5+ Kxg5 42. Ke5 Bf7 43. a4 Bb3 44. a5 h4 45. Nh3+ Kg6 46. Nf4+ Kg5
47. Ne2 Bc4 48. Nd4 Bf1 49. Ne6+ Kg6 50. Nf4+ Kg5 51. Ne6+ Kg6 52. Nf4+ 1/2-1/2

[Event "37 Open Donostia"]
[Site "?"]
[Date "2014.04.13"]
[Round "4.12"]
[White "Bayo Milagro, Alvaro"]
[Black "Hernandez, Elvis"]
[Result "1/2-1/2"]
[WhiteElo "1997"]
[BlackElo "2324"]
[PlyCount "136"]
[EventDate "2014.??.??"]

1. e4 g6 2. d4 Bg7 3. Nc3 d6 4. f4 e6 5. Nf3 Ne7 6. Bd3 Nd7 7. O-O b6 8. Be3
Bb7 9. Ne2 d5 10. e5 c5 11. c3 Qc8 12. b4 O-O 13. g4 f6 14. Ng3 fxe5 15. fxe5
cxb4 16. cxb4 Qc3 17. Rb1 h6 18. Ne2 Qc8 19. Nf4 Nb8 20. Nxg6 Nxg6 21. Bxg6 Nc6
22. Bd3 a5 23. a3 axb4 24. axb4 Ra2 25. g5 Qe8 26. Nh4 Rxf1+ 27. Bxf1 hxg5 28.
Bxg5 Qf7 29. Be3 Bh6 30. Qe1 Bxe3+ 31. Qxe3 Qh7 32. Qg3+ Qg7 33. Nf3 Qxg3+ 34.
hxg3 Ra4 35. Bh3 Rxb4 36. Bxe6+ Kg7 37. Rd1 Ne7 38. Rc1 Rc4 39. Rb1 Rc6 40. Bd7
Rc7 41. e6 Bc8 42. Ne5 Ng6 43. Nxg6 Kxg6 44. Rxb6 Kf6 45. Rd6 Bb7 46. Bb5 Bc8
47. Be2 Rg7 48. Rxd5 Bxe6 49. Re5 Rxg3+ 50. Kf2 Rg5 51. Re4 Bd5 52. Rh4 Ke7 53.
Ke3 Rf5 54. Bg4 Rf7 55. Be2 Rf6 56. Rh7+ Kd6 57. Bg4 Be6 58. Bf3 Bd5 59. Bxd5
Kxd5 60. Rh5+ Kd6 61. Ke4 Rg6 62. Ra5 Rg4+ 63. Kd3 Rg1 64. Ra8 Rd1+ 65. Kc3 Kd5
66. Rd8+ Kc6 67. Kc4 Rc1+ 68. Kd3 Re1 {Ke4} 1/2-1/2

[Event "37 Open Donostia"]
[Site "?"]
[Date "2014.04.13"]
[Round "4.13"]
[White "Arana Garate, Jon"]
[Black "Leroy, Didier"]
[Result "0-1"]
[WhiteElo "1903"]
[BlackElo "2307"]
[PlyCount "78"]
[EventDate "2014.??.??"]

1. d4 e6 2. Nf3 c5 3. c3 Nf6 4. Bf4 b6 5. e3 Be7 6. h3 O-O 7. Be2 Bb7 8. Nbd2
d6 9. O-O Nc6 10. Qa4 a6 11. Rfd1 Nd7 12. Ne4 Nxd4 13. Nxd4 b5 14. Qc2 Bxe4 15.
Qxe4 cxd4 16. cxd4 d5 17. Qf3 Qa5 18. Bd3 Rfc8 19. e4 Nb6 20. e5 Rc6 21. Qh5 g6
22. Qf3 Rac8 23. h4 Bxh4 24. Bd2 Qa4 25. Qf4 Bd8 26. g3 Nd7 27. Kg2 f5 28. exf6
Bxf6 29. b4 Qa3 30. Be3 Qxb4 31. Rh1 Qe7 32. Rh3 e5 33. dxe5 Bxe5 34. Qf3 Bxa1
35. Qxd5+ Qe6 36. Qg5 Rd6 37. Bf5 Qxf5 38. Qe7 Qd5+ 39. Kh2 h5 0-1

[Event "37 Open Donostia"]
[Site "?"]
[Date "2014.04.13"]
[Round "4.14"]
[White "Thomassen, Joachim"]
[Black "Johnsen, Oystein"]
[Result "1-0"]
[WhiteElo "2371"]
[BlackElo "2048"]
[PlyCount "107"]
[EventDate "2014.??.??"]

1. d4 f5 2. g3 Nf6 3. Bg2 d6 4. Nf3 g6 5. O-O Bg7 6. b3 O-O 7. Bb2 c6 8. c4 Na6
9. Nbd2 e6 10. Qc2 d5 11. Ne5 Nd7 12. Nd3 g5 13. e3 b6 14. cxd5 cxd5 15. Qc6
Nc7 16. Rac1 Ba6 17. Qxc7 Bxd3 18. Rfd1 Rf7 19. Qxd8+ Rxd8 20. Nf3 Be2 21. Nxg5
Bxd1 22. Nxf7 Kxf7 23. Rxd1 Rc8 24. Rc1 Rxc1+ 25. Bxc1 Bf8 26. Bf1 Nb8 27. Bb5
a6 28. Be2 Ke8 29. h3 Bb4 30. g4 fxg4 31. hxg4 Be7 32. Kg2 Kd7 33. Bd2 b5 34.
a4 Kc6 35. f4 h6 36. Kh3 Kb6 37. Be1 Nc6 38. Bh4 Bf8 39. Bf6 Nb4 40. Kg3 bxa4
41. bxa4 Ka5 42. Bd1 Nd3 43. g5 hxg5 44. fxg5 Nb2 45. Bc2 Nxa4 46. g6 Nb2 47.
g7 Bxg7 48. Bxg7 Kb4 49. Bg6 a5 50. Bf7 Nd1 51. Kf4 a4 52. Bxe6 Nc3 53. Bf8+
Kb3 54. e4 1-0

[Event "37 Open Donostia"]
[Site "?"]
[Date "2014.04.13"]
[Round "4.15"]
[White "Brito Garcia, Alfredo"]
[Black "Manelidou, Maria"]
[Result "1/2-1/2"]
[WhiteElo "2314"]
[BlackElo "2048"]
[PlyCount "36"]
[EventDate "2014.??.??"]

1. d4 d5 2. c4 c6 3. e3 Nf6 4. Qc2 e6 5. Nf3 Nbd7 6. Nc3 Bd6 7. g4 h6 8. Rg1 e5
9. cxd5 cxd5 10. dxe5 Nxe5 11. Nxe5 Bxe5 12. h3 a6 13. Bd2 Bd7 14. Bg2 Rc8 15.
Qb3 Bc6 16. O-O-O Ne4 17. Bxe4 dxe4 18. Kb1 O-O 1/2-1/2

[Event "37 Open Donostia"]
[Site "?"]
[Date "2014.04.13"]
[Round "4.16"]
[White "Nava Pereda, Carlos"]
[Black "Fruehauf, Norbert"]
[Result "1-0"]
[WhiteElo "2285"]
[BlackElo "2044"]
[PlyCount "73"]
[EventDate "2014.??.??"]

1. c4 e5 2. Nc3 Nf6 3. Nf3 Nc6 4. e3 Bb4 5. Qc2 O-O 6. Nd5 Re8 7. Qf5 d6 8.
Nxf6+ Qxf6 9. Qxf6 gxf6 10. a3 Ba5 11. b3 e4 12. Nd4 Ne5 13. Bb2 c6 14. h3 Bd7
15. b4 Bc7 16. f4 Ng6 17. Be2 f5 18. g4 fxg4 19. Bxg4 Rad8 20. O-O-O c5 21.
Bxd7 Rxd7 22. Nf5 Kf8 23. h4 Rc8 24. Rdg1 cxb4 25. h5 Nxf4 26. exf4 Bb6 27. Rg3
Rxc4+ 28. Kb1 bxa3 29. Bg7+ Ke8 30. Be5 Rb4+ 31. Ka2 Rc7 32. Bc3 Ra4 33. Kb3
Ra6 34. Nxd6+ Kd7 35. Nxe4 Ke6 36. Re1 Kf5 37. Rg5+ {Kxe4} 1-0

[Event "37 Open Donostia"]
[Site "?"]
[Date "2014.04.14"]
[Round "5.1"]
[White "Vazquez Igarza, Renier"]
[Black "Moreno Ruiz, Javier"]
[Result "1/2-1/2"]
[WhiteElo "2591"]
[BlackElo "2477"]
[PlyCount "24"]
[EventDate "2014.??.??"]

1. e4 e5 2. Nf3 Nc6 3. Bc4 Bc5 4. c3 Nf6 5. d3 d6 6. Bb3 a6 7. Nbd2 O-O 8. O-O
Ba7 9. Nc4 h6 10. Be3 Be6 11. Bxa7 Rxa7 12. Ne3 Qd7 1/2-1/2

[Event "37 Open Donostia"]
[Site "?"]
[Date "2014.04.14"]
[Round "5.2"]
[White "Spraggett, Kevin"]
[Black "Santos Latasa, Jaime"]
[Result "1/2-1/2"]
[WhiteElo "2561"]
[BlackElo "2459"]
[PlyCount "122"]
[EventDate "2014.??.??"]

1. Nf3 d5 2. c4 e6 3. g3 dxc4 4. Qa4+ Nd7 5. Qxc4 a6 6. Bg2 Ngf6 7. Qb3 c5 8.
a4 Bd6 9. d3 Bc7 10. O-O Rb8 11. Na3 O-O 12. Bd2 b6 13. Rfc1 Bb7 14. Qc2 e5 15.
e4 Qe7 16. b3 Rfd8 17. Nc4 b5 18. axb5 axb5 19. Ne3 g6 20. Ba5 Bxa5 21. Rxa5
Ra8 22. Rca1 Qd6 23. Rxa8 Bxa8 24. Bf1 Ne8 25. Ra7 Nc7 26. Qa2 Bc6 27. Qa5 Ne6
28. Ng5 Rc8 29. Nxe6 Qxe6 30. b4 Qd6 31. bxc5 Nxc5 32. Nd5 Bxd5 33. exd5 Rb8
34. Qc7 Qxc7 35. Rxc7 Nb3 36. d6 Rd8 37. d4 Nxd4 38. d7 Kg7 39. Rb7 b4 40. Bc4
Kf6 41. Bd5 Ke7 42. Rxb4 Rxd7 43. Rb7 Rxb7 44. Bxb7 g5 45. g4 Nb5 46. Kg2 Nd6
47. Bd5 Ne8 48. Kg3 Nc7 49. Be4 h6 50. h4 Kd6 51. hxg5 hxg5 52. Kf3 Kc5 53. Ke3
Nd5+ 54. Kd3 Nf6 55. f3 Ne8 56. Bh7 Nd6 57. Be4 Nb5 58. Ba8 Nd4 59. Ke4 f6 60.
Kd3 Kb4 61. Bd5 Kc5 1/2-1/2

[Event "37 Open Donostia"]
[Site "?"]
[Date "2014.04.14"]
[Round "5.3"]
[White "Argandona Riveiro, Inigo"]
[Black "Alsina Leal, Daniel"]
[Result "1/2-1/2"]
[WhiteElo "2414"]
[BlackElo "2546"]
[PlyCount "106"]
[EventDate "2014.??.??"]

1. d3 d5 2. e4 dxe4 3. dxe4 Qxd1+ 4. Kxd1 e5 5. Nf3 f6 6. Be3 Nd7 7. Bc4 Bc5 8.
Ke2 Bxe3 9. Kxe3 Nb6 10. Bb3 Ne7 11. Na3 Bd7 12. Rhd1 O-O-O 13. Ne1 a5 14. Nc4
Nxc4+ 15. Bxc4 Kb8 16. Nd3 Nc8 17. Nc5 Nd6 18. Be2 b6 19. Nxd7+ Rxd7 20. Bd3
Rhd8 21. Ke2 c5 22. c3 Kc7 23. f3 c4 24. Bc2 Nb7 25. Rxd7+ Rxd7 26. Ba4 Rd8 27.
g3 Nd6 28. Rd1 b5 29. Bc2 Nb7 30. Rxd8 Nxd8 31. a3 Kd6 32. Ke3 Kc5 33. Bd1 Nb7
34. Kd2 Nd6 35. Bc2 Nc8 36. Bd1 Nd6 37. Bc2 b4 38. axb4+ axb4 39. Ba4 g6 40.
Bd7 f5 41. exf5 gxf5 42. Ke3 h6 43. f4 bxc3 44. bxc3 Kd5 45. fxe5 Kxe5 46. Bc6
Nc8 47. Bb5 Nb6 48. Bc6 Kd6 49. Bg2 Ke5 50. Bc6 Nc8 51. Bb5 Nd6 52. Bc6 Nf7 53.
Bb5 Nd6 {Ke4+} 1/2-1/2

[Event "37 Open Donostia"]
[Site "?"]
[Date "2014.04.14"]
[Round "5.4"]
[White "Narciso Dublan, Marc"]
[Black "Etchegaray, Patrice"]
[Result "1-0"]
[WhiteElo "2527"]
[BlackElo "2404"]
[PlyCount "75"]
[EventDate "2014.??.??"]

1. d4 Nf6 2. c4 g6 3. Nc3 Bg7 4. e4 d6 5. Nge2 O-O 6. Ng3 c5 7. d5 e6 8. Be2
exd5 9. cxd5 a6 10. a4 h5 11. Bg5 Qc7 12. Qd2 Nh7 13. Bh6 h4 14. Bxg7 Kxg7 15.
Nf1 f5 16. exf5 Bxf5 17. Ne3 Nd7 18. g4 hxg3 19. hxg3 Ndf6 20. Nxf5+ gxf5 21.
Rh4 Rae8 22. O-O-O Kg8 23. Bd3 Qd7 24. Rdh1 Rf7 25. Qc2 Re5 26. f4 Re3 27. Bxf5
Qe7 28. Be6 Rxe6 29. dxe6 Qxe6 30. Qe2 Qf5 31. Rd1 d5 32. Qe5 Qxe5 33. fxe5 d4
34. exf6 dxc3 35. Rg4+ Kh8 36. Rd8+ Nf8 37. bxc3 Rxf6 38. Rf4 1-0

[Event "37 Open Donostia"]
[Site "?"]
[Date "2014.04.14"]
[Round "5.5"]
[White "Suarez Garcia, Carlos"]
[Black "Franco Alonso, Alejandro"]
[Result "1/2-1/2"]
[WhiteElo "2376"]
[BlackElo "2508"]
[PlyCount "39"]
[EventDate "2014.??.??"]

1. Nf3 d5 2. g3 c6 3. Bg2 Bg4 4. O-O e6 5. d3 Nd7 6. c4 Ngf6 7. Nc3 Bxf3 8.
exf3 Nb6 9. Na4 Be7 10. Be3 O-O 11. Qb3 Nfd7 12. f4 Nxa4 13. Qxa4 Nc5 14. Bxc5
Bxc5 15. d4 Be7 16. c5 b6 17. Qxc6 bxc5 18. f5 exf5 19. dxc5 Rc8 20. Qxd5
1/2-1/2

[Event "37 Open Donostia"]
[Site "?"]
[Date "2014.04.14"]
[Round "5.6"]
[White "Pap, Misa"]
[Black "Akesson, Ralf"]
[Result "1/2-1/2"]
[WhiteElo "2495"]
[BlackElo "2444"]
[PlyCount "125"]
[EventDate "2014.??.??"]

1. e4 c6 2. Ne2 d5 3. e5 c5 4. d4 Nc6 5. c3 cxd4 6. cxd4 Bf5 7. Nbc3 e6 8. Ng3
Bg6 9. h4 h5 10. Be3 Qb6 11. Qd2 Nh6 12. Be2 Nf5 13. Nxf5 Bxf5 14. Rc1 Rc8 15.
O-O Be7 16. Na4 Qb4 17. Qd1 Bxh4 18. a3 Qa5 19. b4 Qd8 20. Nc5 Rc7 21. Qa4 O-O
22. Nxb7 Rxb7 23. Qxc6 Qa8 24. Bxh5 a5 25. bxa5 Bd3 26. Rfd1 Bb5 27. Qc3 Bc4
28. Rb1 Rfb8 29. Rxb7 Rxb7 30. Bf3 Bd8 31. Bd2 Qa7 32. Qc1 Bxa5 33. Bxa5 Qxa5
34. Re1 Qa7 35. Qa1 Qa4 36. Rc1 Rb8 37. Kh2 Qa5 38. Rc3 Rb5 39. Qc1 Qd8 40. Kg3
Rb8 41. Qf4 Rb1 42. Bh5 Qe7 43. Rf3 Rb7 44. Re3 Ra7 45. Qf3 Qg5+ 46. Qg4 Qe7
47. Qf3 Qg5+ 48. Bg4 Ra4 49. Qd1 Ra8 50. f4 Qe7 51. Qc1 g6 52. Rc3 Kg7 53. Bf3
Rh8 54. Kf2 Qh4+ 55. g3 Qh2+ 56. Bg2 Qh5 57. Qd2 Rb8 58. a4 Rb1 59. Re3 Qh2 60.
Re1 Rb3 61. Re3 Rb1 62. Re1 Rb3 63. Re3 1/2-1/2

[Event "37 Open Donostia"]
[Site "?"]
[Date "2014.04.14"]
[Round "5.7"]
[White "Leroy, Didier"]
[Black "Tratar, Marko"]
[Result "0-1"]
[WhiteElo "2307"]
[BlackElo "2480"]
[PlyCount "48"]
[EventDate "2014.??.??"]

1. d4 Nf6 2. c4 e6 3. Nf3 Bb4+ 4. Bd2 Qe7 5. g3 Nc6 6. Nc3 O-O 7. Bg2 Na5 8. b3
b6 9. a3 Bxa3 10. Nb5 Bb4 11. c5 Bxd2+ 12. Nxd2 Nc6 13. b4 a6 14. Nxc7 Rb8 15.
Bxc6 dxc6 16. Nxa6 Ra8 17. Nc4 Rxa6 18. Nxb6 Qa7 19. O-O Nd5 20. b5 cxb5 21.
Nxc8 Rxc8 22. e4 Rxa1 23. Qxa1 Qxa1 24. Rxa1 Nc3 0-1

[Event "37 Open Donostia"]
[Site "?"]
[Date "2014.04.14"]
[Round "5.8"]
[White "Bernard, Jacques"]
[Black "Cifuentes Parada, Roberto"]
[Result "0-1"]
[WhiteElo "2194"]
[BlackElo "2458"]
[PlyCount "44"]
[EventDate "2014.??.??"]

1. e4 d6 2. d4 Nf6 3. Nc3 Nbd7 4. Nge2 e5 5. g3 c6 6. a4 Be7 7. Bg2 b6 8. O-O
Bb7 9. h3 h5 10. Be3 a6 11. Qd2 Qc7 12. Rad1 Rd8 13. Qc1 O-O 14. Kh2 Rfe8 15.
Bg5 b5 16. axb5 axb5 17. d5 cxd5 18. exd5 b4 19. Na4 Rc8 20. c3 Qc4 21. Rfe1 b3
22. Bxf6 Bxf6 0-1

[Event "37 Open Donostia"]
[Site "?"]
[Date "2014.04.14"]
[Round "5.9"]
[White "Amores Gago, Javier"]
[Black "Thomassen, Joachim"]
[Result "1-0"]
[WhiteElo "2174"]
[BlackElo "2371"]
[PlyCount "43"]
[EventDate "2014.??.??"]

1. e4 c5 2. Nf3 d6 3. Bb5+ Nc6 4. Bxc6+ bxc6 5. O-O e5 6. c3 f5 7. Qa4 Qc7 8.
exf5 Bxf5 9. d4 cxd4 10. cxd4 e4 11. Re1 Be7 12. Nfd2 Nf6 13. d5 Nxd5 14. Nxe4
O-O 15. Bg5 Bxe4 16. Bxe7 Qb6 17. Bxf8 Rxf8 18. Re2 Bd3 19. Rd2 Qe3 20. Qd1 Qg5
21. Rxd3 Nf4 22. Rg3 1-0

[Event "37 Open Donostia"]
[Site "?"]
[Date "2014.04.14"]
[Round "5.10"]
[White "Bergez, Luc"]
[Black "Prieto Martin, Alfonso"]
[Result "1-0"]
[WhiteElo "2368"]
[BlackElo "2169"]
[PlyCount "99"]
[EventDate "2014.??.??"]

1. e4 c6 2. d4 d5 3. Nc3 dxe4 4. Nxe4 Bf5 5. Ng3 Bg6 6. h4 h6 7. Nf3 Nd7 8. h5
Bh7 9. Bd3 Bxd3 10. Qxd3 e6 11. Bf4 Qa5+ 12. Bd2 Qc7 13. O-O-O Ngf6 14. Kb1
O-O-O 15. Qe2 Bd6 16. Ne4 Nxe4 17. Qxe4 c5 18. dxc5 Nxc5 19. Qg4 Rhg8 20. Be3
g5 21. hxg6 Rxg6 22. Qc4 Na6 23. Qxc7+ Bxc7 24. Rxd8+ Kxd8 25. g3 Nb4 26. Bxh6
Bb6 27. Ne5 Rg8 28. Rd1+ Kc8 29. a3 Nc6 30. Nxf7 Bxf2 31. Bf4 Bc5 32. b4 Be7
33. b5 Na5 34. Rd3 b6 35. Rc3+ Bc5 36. Nd6+ Kd7 37. Ne4 Rc8 38. Rd3+ Ke8 39. g4
Nc4 40. Rh3 Kf7 41. a4 e5 42. Bg5 Ke6 43. Rh6+ Kd5 44. Nc3+ Kd4 45. Rh3 Na3+
46. Kb2 Kc4 47. Ne4 Bb4 48. Rd3 Rh8 49. Nd2+ Bxd2 50. Bxd2 1-0

[Event "37 Open Donostia"]
[Site "?"]
[Date "2014.04.14"]
[Round "5.11"]
[White "Etxagibel Larranaga, Asier"]
[Black "Estremera Panos, Sergio"]
[Result "1/2-1/2"]
[WhiteElo "2167"]
[BlackElo "2353"]
[PlyCount "26"]
[EventDate "2014.??.??"]

1. d4 Nf6 2. Bg5 e6 3. e3 h6 4. Bh4 d6 5. Nf3 g5 6. Bg3 Nh5 7. Bd3 Bg7 8. O-O
Qe7 9. e4 O-O 10. Re1 Nd7 11. c3 Nxg3 12. hxg3 e5 13. Nbd2 Nf6 1/2-1/2

[Event "37 Open Donostia"]
[Site "?"]
[Date "2014.04.14"]
[Round "5.12"]
[White "Hernandez, Elvis"]
[Black "Torres Ganuza, Fco. Javier"]
[Result "0-1"]
[WhiteElo "2324"]
[BlackElo "2130"]
[PlyCount "160"]
[EventDate "2014.??.??"]

1. e4 c5 2. Nf3 e6 3. c3 d5 4. exd5 Qxd5 5. d4 Nf6 6. Bd3 Nc6 7. O-O Be7 8. Be3
cxd4 9. cxd4 O-O 10. Nc3 Qd8 11. Rc1 Nb4 12. Bb1 b6 13. a3 Nbd5 14. Bg5 Bb7 15.
Ne2 Rc8 16. Qd3 Qd6 17. Rcd1 g6 18. Ne5 Nd7 19. Bh6 Rfd8 20. Nf3 N5f6 21. Bf4
Qd5 22. Rc1 Qh5 23. Ng3 Qg4 24. Bc7 Nc5 25. Rxc5 bxc5 26. h3 Rxd4 27. Qb5 Qxf3
28. gxf3 Rxc7 29. Be4 Nxe4 30. Nxe4 Kg7 31. Qa5 Rcd7 32. Qc3 Bxe4 33. fxe4 Kg8
34. Re1 Rd2 35. Re3 R2d4 36. Kg2 Rd2 37. Qe5 Bd6 38. Qf6 Be7 39. Qe5 Bd6 40.
Qf6 Be7 41. Qc3 R2d4 42. Qa5 Rd2 43. Qb5 Kg7 44. b3 R2d4 45. a4 Rc7 46. a5 Rcd7
47. a6 Rd2 48. Rf3 R2d4 49. Qb8 Bf8 50. Qe5+ Kg8 51. h4 h5 52. Rc3 Bd6 53. Qf6
Be7 54. Qf4 Bd6 55. Qc1 Be7 56. Rc4 Rd2 57. e5 R2d5 58. Qe3 Bf8 59. Kg1 Rd1+
60. Kg2 R1d5 61. Rc3 Be7 62. Qe4 Rd4 63. Qa8+ Kg7 64. Rc4 R4d5 65. Qe8 Bf8 66.
Rf4 Re7 67. Qb8 Red7 68. Qe8 Re7 69. Qb8 Red7 70. Rc4 Be7 71. b4 cxb4 72. Rc7
Rxc7 73. Qxc7 Bc5 74. Kf3 b3 75. Qb7 Bb6 76. Qc6 b2 77. Qc2 Rb5 78. Qb1 Bd4 79.
Ke4 Bxe5 80. f3 Bf6 0-1

[Event "37 Open Donostia"]
[Site "?"]
[Date "2014.04.14"]
[Round "5.13"]
[White "Spiesberger, Gerhard"]
[Black "Nava Pereda, Carlos"]
[Result "0-1"]
[WhiteElo "2114"]
[BlackElo "2285"]
[PlyCount "90"]
[EventDate "2014.??.??"]

1. e4 Nc6 2. d4 e5 3. c3 Nf6 4. d5 Ne7 5. Bd3 Ng6 6. Ne2 Bc5 7. O-O d6 8. Bg5
O-O 9. a4 a5 10. Na3 h6 11. Bd2 Bd7 12. Nc2 Nh5 13. Be3 Nhf4 14. Nxf4 exf4 15.
Bxc5 dxc5 16. Bb5 Ne5 17. Bxd7 Qxd7 18. f3 g5 19. Qe2 b6 20. b3 Rae8 21. Qd2 f5
22. Rae1 Nf7 23. Qd3 fxe4 24. Rxe4 Qf5 25. Rfe1 Nd6 26. Na3 Nxe4 27. fxe4 Qg6
28. Qc4 Kh8 29. Nb5 f3 30. gxf3 g4 31. f4 g3 32. h3 Rxf4 33. Nxc7 Rexe4 34.
Rxe4 Qxe4 35. Qxe4 Rxe4 36. c4 Kg7 37. d6 Kf7 38. Nd5 Re1+ 39. Kg2 Ke6 40. Kxg3
Kxd6 41. Nxb6 Re3+ 42. Kg4 Rxb3 43. Nd5 Rb4 44. Ne3 Rxa4 45. Kh5 Ra3 0-1

[Event "37 Open Donostia"]
[Site "?"]
[Date "2014.04.14"]
[Round "5.14"]
[White "Thomassen, Thomas"]
[Black "Prosviriakov, Vladimir"]
[Result "0-1"]
[WhiteElo "2062"]
[BlackElo "2282"]
[PlyCount "100"]
[EventDate "2014.??.??"]

1. c4 e5 2. g3 d6 3. Bg2 f5 4. Nc3 Nf6 5. e3 Be7 6. Nge2 O-O 7. O-O Qe8 8. Nd5
Bd8 9. Nxf6+ Bxf6 10. d4 a5 11. Bd2 Nc6 12. Bc3 Kh8 13. Qd2 Qh5 14. f4 e4 15.
a3 a4 16. d5 Bxc3 17. Nxc3 Na5 18. Qc2 Nxc4 19. Rfe1 Nb6 20. Rad1 Ra5 21. Rd4
Rc5 22. Bf1 Bd7 23. Be2 Qf7 24. Red1 Ra8 25. Qd2 h5 26. h3 Raa5 27. Kh2 g6 28.
g4 Ra8 29. gxh5 gxh5 30. Rg1 Rg8 31. Rxg8+ Kxg8 32. Qd1 Be8 33. Qg1+ Kf8 34.
Qf2 Ke7 35. Rd1 Qf6 36. Rd4 Bf7 37. Bd1 Ra5 38. Qd2 Ra8 39. Qf2 Rg8 40. Bxa4
Nxa4 41. Nxa4 h4 42. Nc3 Bh5 43. Rd2 Bf3 44. Qf1 Qg6 45. Qf2 Qg3+ 46. Qxg3
hxg3+ 47. Kg1 Rh8 48. Ne2 Rxh3 49. Kf1 Rh2 50. a4 g2+ 0-1

[Event "37 Open Donostia"]
[Site "?"]
[Date "2014.04.14"]
[Round "5.15"]
[White "Gacogne, Charlie"]
[Black "Navarrete, Espi Samuel"]
[Result "0-1"]
[WhiteElo "2048"]
[BlackElo "2218"]
[PlyCount "58"]
[EventDate "2014.??.??"]

1. e4 e5 2. Nf3 Nc6 3. Bb5 Bc5 4. O-O Qf6 5. c3 Nge7 6. d3 h6 7. Qe2 O-O 8.
Nbd2 d6 9. Nb3 Bb6 10. Be3 Ng6 11. Nfd2 Nd8 12. d4 Ne6 13. Qf3 Nef4 14. dxe5
dxe5 15. Bxf4 exf4 16. g3 Qg5 17. Be2 fxg3 18. hxg3 h5 19. Qg2 h4 20. Kh1 Re8
21. Rae1 a5 22. Nc4 Bxf2 23. Qxf2 hxg3 24. Qxf7+ Kh7 25. Kg1 Qh4 26. Rf2 Rf8
27. Qxg6+ Kxg6 28. Ne5+ Kh7 29. Rg2 Bh3 0-1

[Event "37 Open Donostia"]
[Site "?"]
[Date "2014.04.14"]
[Round "5.16"]
[White "Silva, Rodriguez Julio"]
[Black "Bayo Milagro, Alvaro"]
[Result "1-0"]
[WhiteElo "2201"]
[BlackElo "1997"]
[PlyCount "121"]
[EventDate "2014.??.??"]

1. e4 b6 2. d4 Bb7 3. Nc3 e6 4. Nf3 d5 5. Bb5+ c6 6. Bd3 Nf6 7. O-O Be7 8. e5
Nfd7 9. Qd2 Ba6 10. Bxa6 Nxa6 11. Ne2 c5 12. Qf4 Nf8 13. Qg4 Ng6 14. dxc5 Nxc5
15. Nfd4 h5 16. Qg3 Ne4 17. Qh3 Nxe5 18. f3 Nf6 19. Bg5 Ng6 20. Rae1 Qd7 21. f4
Ne4 22. Bxe7 Nxe7 23. Ng3 g6 24. Nxe4 dxe4 25. Rxe4 f5 26. Rxe6 Qxd4+ 27. Kh1
Kf7 28. Qb3 Nd5 29. Re5 Rad8 30. c3 Qc5 31. c4 Rhe8 32. Rxe8 Kxe8 33. cxd5 Rxd5
34. h3 Kd7 35. Qa4+ b5 36. Qa6 Qb6 37. Qa3 Qc5 38. Qa6 Qb6 39. Qa3 Qc5 40. b4
Qb6 41. Rc1 Rd6 42. Qc3 Rc6 43. Rd1+ Kc8 44. Qe5 Kb7 45. Rd7+ Ka6 46. Qb2 Qe3
47. Qd2 Qxd2 48. Rxd2 Kb6 49. a3 Kc7 50. Rd3 h4 51. g3 hxg3 52. Kg2 Rc1 53.
Kxg3 a6 54. Kh4 Rg1 55. Rg3 Rxg3 56. Kxg3 Kd6 57. Kh4 Kd5 58. Kg5 Ke4 59. h4
Kf3 60. Kxg6 Kxf4 61. h5 1-0

[Event "37 Open Donostia"]
[Site "?"]
[Date "2014.04.15"]
[Round "6.1"]
[White "Tratar, Marko"]
[Black "Vazquez Igarza, Renier"]
[Result "0-1"]
[WhiteElo "2480"]
[BlackElo "2591"]
[PlyCount "40"]
[EventDate "2014.??.??"]

1. Nf3 Nf6 2. c4 b6 3. g3 Bb7 4. Bg2 c5 5. O-O g6 6. b3 Bg7 7. Bb2 O-O 8. Nc3
Na6 9. Rc1 e6 10. d4 d5 11. cxd5 Nxd5 12. dxc5 Nxc5 13. Qd2 Nb4 14. a3 Nxb3 15.
Qxd8 Rfxd8 16. axb4 Nxc1 17. Rxc1 Rac8 18. Ne1 Bxg2 19. Kxg2 Rd2 20. Ba1 Rd7
0-1

[Event "37 Open Donostia"]
[Site "?"]
[Date "2014.04.15"]
[Round "6.2"]
[White "Moreno Ruiz, Javier"]
[Black "Narciso Dublan, Marc"]
[Result "1-0"]
[WhiteElo "2477"]
[BlackElo "2527"]
[PlyCount "93"]
[EventDate "2014.??.??"]

1. d4 e6 2. c4 f5 3. Nc3 Nf6 4. Qc2 b6 5. Bg5 Be7 6. O-O-O d5 7. f3 O-O 8. Nh3
Nc6 9. e3 dxc4 10. Bxc4 Nd5 11. Bxe7 Ncxe7 12. Rhe1 Ng6 13. g3 c6 14. f4 h6 15.
Ng1 Bd7 16. Nf3 Be8 17. e4 fxe4 18. Qxe4 Rf6 19. Qe2 Nxc3 20. bxc3 Nf8 21. Ne5
Qd6 22. Kb2 b5 23. Bb3 a5 24. Ng4 Rf7 25. Qe5 Qxe5 26. Nxe5 Re7 27. a3 g6 28.
Re3 Kg7 29. Nd3 Bd7 30. Nc5 Rae8 31. Nb7 a4 32. Ba2 Bc8 33. Nc5 g5 34. fxg5
hxg5 35. Re5 Kh6 36. Ne4 Ng6 37. Rxg5 e5 38. d5 cxd5 39. Bxd5 Rf8 40. h4 Bh3
41. Bc6 Re6 42. Bd7 Bg2 43. Bxe6 Bxe4 44. Rd2 Rf1 45. Bd5 Bf5 46. Bg2 Rb1+ 47.
Ka2 1-0

[Event "37 Open Donostia"]
[Site "?"]
[Date "2014.04.15"]
[Round "6.3"]
[White "Nava Pereda, Carlos"]
[Black "Spraggett, Kevin"]
[Result "0-1"]
[WhiteElo "2285"]
[BlackElo "2561"]
[PlyCount "52"]
[EventDate "2014.??.??"]

1. g3 e5 2. c4 Nc6 3. Bg2 Bc5 4. Nc3 a6 5. e3 Ba7 6. Nge2 d6 7. O-O Nge7 8. h3
O-O 9. Rb1 Rb8 10. d3 Bf5 11. Kh2 b5 12. e4 Bd7 13. b3 f5 14. Be3 Nd4 15. Bxd4
exd4 16. Nd5 c6 17. Nxe7+ Qxe7 18. Qd2 bxc4 19. bxc4 Rxb1 20. Rxb1 fxe4 21.
Bxe4 Rxf2+ 22. Kg1 Qf8 23. Qe1 Rf7 24. h4 Re7 25. Qa5 Rxe4 26. Qe1 Re7 0-1

[Event "37 Open Donostia"]
[Site "?"]
[Date "2014.04.15"]
[Round "6.4"]
[White "Alsina Leal, Daniel"]
[Black "Suarez Garcia, Carlos"]
[Result "1/2-1/2"]
[WhiteElo "2546"]
[BlackElo "2376"]
[PlyCount "165"]
[EventDate "2014.??.??"]

1. e4 d6 2. d4 Nf6 3. Nc3 g6 4. Be3 Bg7 5. h3 O-O 6. Nf3 c6 7. a4 Nbd7 8. Be2
e5 9. dxe5 dxe5 10. Nd2 Qe7 11. Nc4 Rd8 12. Qd6 Bf8 13. Qxe7 Bxe7 14. O-O-O b6
15. g4 Ba6 16. g5 Nh5 17. Rxd7 Rxd7 18. Nxe5 Bxe2 19. Nxd7 Bf3 20. Re1 Bd6 21.
e5 Be7 22. Nf6+ Nxf6 23. exf6 Bb4 24. Bd2 Bc5 25. Ne4 Re8 26. Nxc5 Rxe1+ 27.
Bxe1 bxc5 28. Bd2 Kf8 29. Be3 a6 30. Bxc5+ Ke8 31. Kd2 Kd7 32. c4 Bg2 33. h4
Bf1 34. Kc3 Be2 35. Kb4 Kc7 36. Be3 Bd3 37. Kc3 Be2 38. b4 Bd1 39. b5 cxb5 40.
axb5 axb5 41. cxb5 Be2 42. Kb4 Bf3 43. Kc5 Kd7 44. Kb6 Be2 45. Bc5 Bd3 46. f4
Be2 47. Bb4 Bd3 48. Kc5 Be2 49. Ba5 Bf3 50. Kd4 Ke6 51. Kc5 Kd7 52. Bc3 Be2 53.
Bb4 Bf3 54. Kb6 Be2 55. Be1 Bd3 56. Bg3 Be2 57. f5 gxf5 58. Bf4 Bd3 59. h5 Be2
60. h6 Bd3 61. Be3 Bc4 62. Bd2 Kd6 63. Bb4+ Ke6 64. Kc6 Bd5+ 65. Kc7 f4 66. Bd2
f3 67. Be3 Kf5 68. b6 f2 69. Bxf2 Kxg5 70. b7 Bxb7 71. Kxb7 Kxf6 72. Kc6 Kg6
73. Be3 f5 74. Kd7 f4 75. Bxf4 Kf7 76. Be5 Kg8 77. Ke6 Kf8 78. Bd6+ Kg8 79. Kf6
Kh8 80. Bc5 Kg8 81. Bd4 Kf8 82. Ke6 Kg8 83. Ke7 1/2-1/2